Countries Closest to Somalia - 30 Second Sprint - Statistics

General Stats
  • This quiz has been taken 45 times
  • The average score is 10 of 20
Answer Stats
km country miles % Correct
0 Ethiopia 0
91%
0 Kenya 0
89%
749 Sudan 465
86%
0 Djibouti 0
77%
117 Eritrea 72
74%
133 Yemen 83
74%
550 Saudi Arabia 341
69%
571 Oman 355
63%
597 South Sudan 371
63%
666 Uganda 414
60%
425 Tanzania 264
57%
1082 Dem Rep Congo 672
46%
1233 United Arab Emirates 766
43%
1135 Rwanda 705
40%
1155 Burundi 718
37%
988 Mozambique 614
20%
1209 Seychelles 751
17%
1232 Malawi 766
14%
1280 Zambia 795
14%
1098 Comoros 682
9%
No matching quizzes found
Score Distribution
Percent of People with Each Score
Percentile by Number Answered
Your Score History
You have not taken this quiz